000
00426 a2200109 4500
005
20260327134601.0
100
_a
Bapat D.
_9
217327
245
_a
आधुनिक महाराष्ट्राची जडणघडण शिल्पकार चरित्रकोश खंड ५ : कृषी आणि सहकार
250
_a
1st
260
_b
Saptahik Vivek Hindusthan Prakashan Samstha
_c
2012
942
_c
AR
999
_c
370788
_d
370788